000 02408cam a22005654i 4500
003 PE-LiUPU
005 20250731165603.0
008 150625s1996 mx r 001 0 spa d
020 _a9682454549
020 _a9789682454547
035 _a(Sirsi) i9789682454547
040 _aPE-LiUPU
_bspa
_cPE-LiUPU
_erda
049 _aPRUA
082 0 4 _a070.4072
_bR47
_221
100 1 _aReyes, Gerardo,
_eautor.
245 1 0 _aPeriodismo de investigación /
_cGerado Reyes.
250 _aPrimera edición.
264 1 _aMéxico :
_bTrillas,
_c1996.
300 _a256 páginas ;
_c23 centímetros
336 _atext
_2rdacontent
337 _aunmediated
_2rdamedia
338 _avolume
_2rdacarrier
490 0 _aPeriodismo latinoamericano
504 _aÍndice : páginas 238-256.
505 0 _aEl trazado de la cancha -- Obstáculos y estrategias -- El saque -- La prueba de olfato -- Indagación -- Prueba de fuego -- Redacción -- Efectos y seguimientos.
526 _aSEG44
526 _aSEG26
526 _aP151
526 _aP150
526 _aP149
526 _aP146
526 _aP145
526 _aP126
526 _aP125
526 _aP92
526 _aP75
526 _aP74
526 _aP27
526 _aP15
541 _g001-0029256;
541 _g002-00000234;
650 0 4 _aPeriodismo de investigación.
942 _2ddc
_cBOOK
949 _a070.407 2 R47
_wDEWEY
_c1
_i59179
_d2016-10-13
_e2016-10-10
_lCCODEBUL1
_mBUL
_n4
_p17.00
_r0
_sY
_tBOOK
_u2015-6-25
_xEDUCACION
_PP07
_0COMPRA
_o.STAFF. Colección General
994 _aC0
_bPEPRU
596 _a1
999 _a070.4072 R47
_wDEWEY
_c47989
_i59179
_d47989
_e2016-10-10
_f2021-11-8
_g5
_lCCODEBUL1
_mBUL
_n4
_p17.00
_r0
_sY
_tBOOK
_u2015-6-25
_xEDUCACION
_PP07
_0COMPRA
_o.STAFF. Colección Ciencias Humanas y Educación
999 _a070.4072 R47
_wDEWEY
_c2
_i79269
_f2021-11-8
_g4
_lCCODEBUL1
_mBUL
_p19.28
_r0
_sY
_tBOOK
_u2018-7-30
_xEDUCACION
_PP07
_0COMPRA
_1FCOMPRA
_o.STAFF. Colección Ciencias Humanas y Educación
999 _a070.4072 R47
_wDEWEY
_c3
_i79270
_d2019-8-12
_e2019-8-8
_f2021-11-8
_g4
_lCCODEBUL1
_mBUL
_n2
_p19.28
_r0
_sY
_tBOOK
_u2018-7-30
_xEDUCACION
_PP07
_0COMPRA
_1FCOMPRA
_o.STAFF. Colección Ciencias Humanas y Educación
980 _81
_gALBERTO SANCHEZ Responsable de Automatización